Co i gdzie w województwie świętokrzyskim - Statystyki

Ogólne statystyki
  • Ten quiz został rozwiązany 73 razy
  • Średni wynik to 9 z 15
Statystyki odpowiedzi
Co: Gdzie: % Poprawnych
Rezerwat przyrody Kadzielnia Kielce
95%
Europejskie Centrum Bajki im. Koziołka Matołka Pacanów
77%
Jaskinia Raj Chęciny
76%
Park Rozrywki JuraPark Bałtów
71%
Pomnik Leszka Czarnego i Park Zdrojowy Busko Zdrój
64%
Żywe Muzeum Porcelany Ćmielów
64%
Muzeum Wsi Kieleckiej Park Etnograficzny Tokarnia
64%
Wąwóz Królowej Jadwigi Sandomierz
62%
Muzeum Gnomoniczne im. Przypkowskich Jędrzejów
55%
Muzeum Henryka Sienkiewicza Oblęgorek
52%
Ruiny Zamku Krzyżtopór Ujazd
52%
Pomnik Sołtysa i Aleja Kawałów Wąchock
47%
Muzeum „Dworek Mikołaja Reja” Nagłowice
45%
Muzeum Przyrody i Techniki "Ekomuzeum" Starachowice
41%
Mauzoleum Martyrologii Wsi Polskich Michniów
23%
Nie znaleziono quizów pasujących do podanych kryteriów
Rozkład punktacji
Procent ludzi z każdym wynikiem
Percentyl według liczby udzielonych odpowiedzi
Twoja historia wyników
Nie rozwiązałeś tego quizu